| 000 | 00417nam a22001697a 4500 | ||
|---|---|---|---|
| 003 | OSt | ||
| 005 | 20211115154211.0 | ||
| 008 | 211115b |||||||| |||| 00| 0 eng d | ||
| 020 | _a0851992587 | ||
| 040 | _cHAWASSA UNIVERSITY | ||
| 050 |
_a636.20821/GEN _b11 |
||
| 082 |
_a636.20821/GEN _b11 |
||
| 245 | _aTHE GENETICS OF CATTLE | ||
| 260 |
_aCAB PUBLISHING _bLONDON _c1999 |
||
| 300 | _a710 | ||
| 942 |
_2ddc _cBOOKS _n0 |
||
| 999 |
_c18315 _d18315 |
||